[Event "September Standard"]
[Site "SchemingMind.com"]
[Date "2005.09.02"]
[Round "-"]
[White "sdshuey"]
[Black "cnbcad"]
[Result "0-1"]
[WhiteCountry "USA"]
[BlackCountry "USA"]
[WhiteElo "1469"]
[WhiteRD "83"]
[BlackElo "1530"]
[BlackRD "50"]
[GameID "23567"]

1. e4 e5 2. f4 exf4 3. Nf3 d5 4. d3 dxe4 5. dxe4 Qxd1+ 6. Kxd1 Bg4 7. Bxf4 g6 8. Be5 f6 9. Bxc7 Nd7 10. Bc4 Ne7
11. b3 f5 12. h3 Bxf3+ 13. gxf3 Rc8 14. Bd6 Nb6 15. Bxe7 Bxe7 16. Nc3 Bf6 17. Nb5 Rd8+ 18. Ke2 Bxa1 19. Rxa1 Nxc4 20. Rd1 Rxd1
21. Kxd1 fxe4 22. fxe4 Ne5 23. Nd6+ Kd7 24. Nxb7 h5 25. Nc5+ Kc6 26. b4 g5 27. Ke2 Rf8 28. Ne6 Rg8 29. a4 g4 30. hxg4 Nxg4
31. b5+ Kb6 32. c4 h4 33. c5+ Ka5 34. c6 h3 35. Kf1 Ne5 36. c7 h2 37. Nd8 h1=Q+ 38. Ke2 Qf3+
0-1

[Event "September Standard"]
[Site "SchemingMind.com"]
[Date "2005.09.02"]
[Round "-"]
[White "cnbcad"]
[Black "sdshuey"]
[Result "1/2-1/2"]
[WhiteCountry "USA"]
[BlackCountry "USA"]
[WhiteElo "1530"]
[WhiteRD "50"]
[BlackElo "1469"]
[BlackRD "83"]
[GameID "23568"]

1. e4 e5 2. Nf3 d6 3. Bc4 Be6 4. Bxe6 fxe6 5. O-O Nf6 6. d3 Nc6 7. Bg5 h6 8. Bxf6 gxf6 9. Nfd2 f5 10. Qh5+ Kd7
11. exf5 Rg8 12. Qf7+ Be7 13. Qxe6+ Ke8 14. Qxg8+ Bf8 15. Re1 Qg5 16. Qe6+ Be7 17. Ne4 Nd4 18. Nxg5 Nxe6 19. Nxe6 Kf7 20. d4 Kf6
21. g4 Rg8 22. h3 b6 23. dxe5+ dxe5 24. Nxc7 Bb4 25. Nd5+ Kg5 26. Nxb4 Kh4 27. Rxe5 Kxh3 28. f3 h5 29. Re4 h4 30. Nd2 Kg3
31. Rf1 h3 32. g5 h2+ 33. Kh1 Rxg5 34. Rg1+ hxg1=Q+ 35. Kxg1 Rxf5 36. Rg4+ Kh3 37. Nd3 Rxf3 38. Nf4+ Kxg4 39. Nxf3 Kxf4 40. Nd4 Ke3
41. Nc6 Kd2 42. c4 Kc2 43. b4 Kb2 44. a4 Kb3 45. a5 Kxc4 46. Nxa7 bxa5 47. bxa5= Kc5 48. Nc8= Kb5 49. Kg2=
1/2-1/2

[Event "September Standard"]
[Site "SchemingMind.com"]
[Date "2005.09.02"]
[Round "-"]
[White "agarr"]
[Black "cnbcad"]
[Result "1/2-1/2"]
[WhiteCountry "RUS"]
[BlackCountry "USA"]
[WhiteElo "1791"]
[WhiteRD "73"]
[BlackElo "1537"]
[BlackRD "55"]
[GameID "23656"]

1. e4 e5 2. Nf3 Nc6 3. Bc4 Be7 4. c3 Nf6 5. O-O O-O 6. d4 Nxe4 7. dxe5 d6 8. Re1 Bf5 9. Bf4 dxe5 10. Bxe5 Qxd1
11. Rxd1 Bc5 12. Bd4 Rad8 13. Na3 Nxd4 14. Nxd4 Bxa3 15. bxa3 Nxc3 16. Rdc1 Rxd4 17. Rxc3 Rfd8 18. h3 Rd1+ 19. Rxd1 Rxd1+ 20. Kh2 Rd2
21. Rf3 g6 22. g4 Be6 23. Bb3 Bxb3 24. axb3 h5 25. g5 c5 26. Kg3 Rd7 27. a4 Rd4 28. Rc3 Rb4 29. f3 c4 30. Rxc4 Rxb3
31. Kf4 b5 32. axb5 Rxb5 33. Ra4 Rb7 34. Ke4 Rd7 35. h4 Kf8 36. f4 Ke7 37. Ra6 Kd8 38. Ke5 Kc8 39. f5 gxf5 40. Kxf5 Kb7
41. Rh6 a5 42. g6 fxg6+ 43. Rxg6 Rd5+ 44. Ke4 Rd8 45. Rg5 Ra8 46. Rxh5 a4 47. Rb5+ Kc6 48. Rb2 a3 49. Ra2 Kc5= 50. Kd3 Kb4
51. Kc2 Rc8+ 52. Kb1= Kb3 53. Rh2 Rb8 54. Rh3+ Ka4+ 55. Ka2=
1/2-1/2

[Event "September Standard"]
[Site "SchemingMind.com"]
[Date "2005.09.02"]
[Round "-"]
[White "agarr"]
[Black "sdshuey"]
[Result "1-0"]
[WhiteCountry "RUS"]
[BlackCountry "USA"]
[WhiteElo "1683"]
[WhiteRD "114"]
[BlackElo "1430"]
[BlackRD "120"]
[GameID "23657"]

1. e4 e5 2. Nf3 Nc6 3. Bc4 Nf6 4. d3 d6 5. Be3 a6 6. Nbd2 h6 7. O-O b5 8. Bb3 g5 9. c3 Be6 10. d4 b4
11. d5 Na5 12. dxe6 fxe6 13. cxb4 Nxb3 14. Qxb3 Qd7 15. Rac1 Rc8 16. Rc2 Ng4 17. h3 Nxe3 18. Qxe3 Qb5 19. a3 Qa4 20. Rfc1 c6
21. Qb6 Bg7 22. Rxc6 Kd7 23. Rxd6+ Ke7 24. Rxe6+ Kf7 25. Rxc8 Rxc8 26. Nxe5+ Kg8 27. Rg6 Qe8 28. Ndc4 Rxc4 29. Nxc4 Kh7 30. Re6 Qf7
31. Ne5 Bxe5 32. Rxe5 Kg7 33. Qe6 Qf6 34. Qxf6+ Kxf6 35. Rf5+ Kg6 36. g4 h5 37. gxh5+ Kxh5 38. Rf8 Kh4 39. Rh8#
1-0

[Event "September Standard"]
[Site "SchemingMind.com"]
[Date "2005.09.02"]
[Round "-"]
[White "cnbcad"]
[Black "agarr"]
[Result "0-1"]
[WhiteCountry "USA"]
[BlackCountry "RUS"]
[WhiteElo "1465"]
[WhiteRD "53"]
[BlackElo "1683"]
[BlackRD "114"]
[GameID "23658"]

1. e4 e5 2. d4 exd4 3. Qxd4 Nc6 4. Qc4 Bb4+ 5. c3 Ba5 6. Qd5 Nf6 7. Qb3 Nxe4 8. Bd2 d5 9. Bb5 O-O 10. Nf3 Nxd2
11. Nbxd2 Re8+ 12. Be2 d4 13. cxd4 Bxd2+ 14. Nxd2 Nxd4 15. Qc4 Rxe2+ 16. Kf1 Rxd2 17. g3 Bh3+ 18. Kg1 Ne2+
0-1

[Event "September Standard"]
[Site "SchemingMind.com"]
[Date "2005.09.03"]
[Round "-"]
[White "sdshuey"]
[Black "agarr"]
[Result "0-1"]
[WhiteCountry "USA"]
[BlackCountry "RUS"]
[WhiteElo "1430"]
[WhiteRD "120"]
[BlackElo "1683"]
[BlackRD "114"]
[GameID "23659"]

1. e4 e5 2. f4 Bc5 3. Nf3 d6 4. h3 Nc6 5. d3 Nf6 6. Nc3 exf4 7. Bxf4 O-O 8. d4 Bb6 9. Bc4 h6 10. a3 Re8
11. O-O Nxe4 12. Nxe4 Rxe4 13. Bd3 Rxf4 14. Qe2 Nxd4 15. Nxd4 Bxd4+ 16. Kh1 Rxf1+ 17. Rxf1 Be6 18. Bf5 Bxf5 19. Rxf5 Qd7 20. Qe4 Re8
21. Qf4 Re1+ 22. Kh2 Bg1+ 23. Kg3 Re3+ 24. Kg4 g6 25. b4 gxf5+ 26. Qxf5 Qxf5+ 27. Kxf5 Re5+ 28. Kf4 Kg7 29. g4 Kg6 30. h4 h5
31. c4 hxg4 32. Kxg4 Re4+ 33. Kh3 Kh5 34. Kg2 Re3 35. Kxg1 Re2 36. c5 Kg4 37. cxd6 Kg3 38. dxc7 Re1#
0-1

[Event "September Standard"]
[Site "SchemingMind.com"]
[Date "2005.09.04"]
[Round "-"]
[White "paddyBosnian"]
[Black "cnbcad"]
[Result "1-0"]
[WhiteCountry "BIH"]
[BlackCountry "USA"]
[WhiteElo "1840"]
[WhiteRD "77"]
[BlackElo "1530"]
[BlackRD "50"]
[GameID "23865"]

1. d4 d5 2. c4 dxc4 3. e4 b5 4. Nf3 Bg4 5. a4 Bxf3 6. gxf3 c6 7. axb5 e6 8. Bxc4 Bb4+ 9. Nc3 cxb5 10. Bxb5+ Nd7
11. Rg1 g6 12. Qa4 Bxc3+ 13. bxc3 Nf6 14. Ba3 a6 15. Bd6 Ra7 16. Bc5 Ra8 17. Bc6 Rb8 18. Qxa6 Ng8 19. Kd2 Ne7 20. Bxe7 Qxe7
21. Rgb1 O-O 22. Bxd7 Qxd7 23. Rxb8 Rxb8 24. Ra2 e5 25. Qa7 Qd8 26. d5 Qg5+ 27. Qe3 Qg2 28. c4 Qxh2 29. c5 Rb1 30. Kc3 Qh1
31. c6 Rc1+ 32. Kb4 Rb1+ 33. Kc5 Qh4 34. Ra8+ Kg7 35. c7 Qe7+ 36. d6 Qd7 37. Qd3 Rc1+ 38. Qc4 Rxc4+ 39. Kxc4 Qc6+ 40. Kb4 Qxa8
41. Kc5 Qa5+ 42. Kc6 Qa8+ 43. Kd7 Qa4+ 44. Kd8 Qa8+ 45. c8=Q Qa5+ 46. Ke7 Qa7+ 47. Qc7 Qa8 48. Kd7 Kf8 49. Qc8+
1-0

[Event "September Standard"]
[Site "SchemingMind.com"]
[Date "2005.09.04"]
[Round "-"]
[White "paddyBosnian"]
[Black "sdshuey"]
[Result "1-0"]
[WhiteCountry "BIH"]
[BlackCountry "USA"]
[WhiteElo "1826"]
[WhiteRD "95"]
[BlackElo "1430"]
[BlackRD "120"]
[GameID "23866"]

1. e4 e5 2. Nf3 Nc6 3. Bc4 Qe7 4. O-O Nf6 5. d4 Nxe4 6. Re1 f5 7. Nxe5 Nxe5 8. dxe5 d6 9. exd6 cxd6 10. Nc3 Qh4
11. Nxe4 fxe4 12. Qd5 Bd7 13. Rxe4+ Qe7 14. Bg5 O-O-O 15. Bxe7 Bxe7 16. Rxe7 Rhe8 17. Qxd6 Rxe7 18. Qxe7 Re8 19. Qxd7+ Kxd7 20. Bb5+ Kd8
21. Bxe8 Kxe8 22. Rd1 b5 23. f4 g5 24. Kf2 h6 25. Kf3 a5 26. fxg5 hxg5 27. Kg4 Ke7 28. Kxg5 Ke6 29. h4 Kf7 30. Re1 Kg7
31. Re6 Kf7 32. Kf5 Kg7 33. Rf6 b4 34. h5 a4 35. h6+ Kh7 36. Kg5 b3 37. Rf7+ Kg8 38. Kg6 bxc2 39. h7+ Kh8 40. Rf8#
1-0

[Event "September Standard"]
[Site "SchemingMind.com"]
[Date "2005.09.04"]
[Round "-"]
[White "paddyBosnian"]
[Black "agarr"]
[Result "1-0"]
[WhiteCountry "BIH"]
[BlackCountry "RUS"]
[WhiteElo "1826"]
[WhiteRD "95"]
[BlackElo "1683"]
[BlackRD "114"]
[GameID "23867"]

1. e4 e5 2. Nf3 Nc6 3. Bc4 Bc5 4. b4 Bxb4 5. c3 Ba5 6. d4 exd4 7. O-O dxc3 8. Qb3 Qf6 9. e5 Qf5 10. Nxc3 Bxc3
11. Qxc3 Nge7 12. Ba3 O-O 13. Rad1 Re8 14. Rfe1 Ng6 15. Bb2 Kh8 16. h3 Nf4 17. e6 fxe6 18. Qxg7#
1-0

[Event "September Standard"]
[Site "SchemingMind.com"]
[Date "2005.09.05"]
[Round "-"]
[White "cnbcad"]
[Black "paddyBosnian"]
[Result "0-1"]
[WhiteCountry "USA"]
[BlackCountry "BIH"]
[WhiteElo "1465"]
[WhiteRD "53"]
[BlackElo "1826"]
[BlackRD "95"]
[GameID "23868"]

1. e4 e5 2. Nf3 Nf6 3. d3 Nc6 4. g3 d5 5. exd5 Nxd5 6. Bg2 Be6 7. O-O Qd7 8. Ng5 O-O-O 9. c4 Ndb4 10. Nxe6 Qxe6
11. Qh5 Nxd3 12. Bh3 Qxh3 13. Qxh3+ Kb8 14. Rd1 Bc5 15. Qf5 Nxf2 16. Rxd8+ Rxd8 17. Kg2 Nd3 18. Nc3 a6 19. Qxf7 Ne1+ 20. Kh1 Rf8
21. Qd5 Rf1#
0-1

[Event "September Standard"]
[Site "SchemingMind.com"]
[Date "2005.09.04"]
[Round "-"]
[White "sdshuey"]
[Black "paddyBosnian"]
[Result "0-1"]
[WhiteCountry "USA"]
[BlackCountry "BIH"]
[WhiteElo "1430"]
[WhiteRD "120"]
[BlackElo "1826"]
[BlackRD "95"]
[GameID "23869"]

1. e4 c6 2. Nc3 d5 3. Qf3 dxe4 4. Nxe4 Nd7 5. d4 Ndf6 6. Bd3 Nxe4 7. Qxe4 Qa5+ 8. c3 Nf6 9. Qe5 Nd5 10. Bc4 Bg4
11. h3 f6 12. Qe4 Bh5 13. Nf3 Nxc3 14. Qd3 Ne4+ 15. Ke2 Bg6 16. Bd2 Qc7 17. Qe3 O-O-O 18. Be6+ Kb8 19. Qf4 Nxd2 20. Qxd2 Rd6
21. d5 cxd5 22. Rac1 Rxe6+ 23. Kd1 Rc6 24. Ke2 e5 25. Rxc6 Qxc6 26. Rc1 Qb5+ 27. Ke1 Bb4 28. Rc3 d4 29. Nxd4 exd4 30. Qxd4 Bxc3+
31. bxc3 Re8+ 32. Kd2 Qe2+ 33. Kc1 Qc2#
0-1

[Event "September Standard"]
[Site "SchemingMind.com"]
[Date "2005.09.05"]
[Round "-"]
[White "agarr"]
[Black "paddyBosnian"]
[Result "0-1"]
[WhiteCountry "RUS"]
[BlackCountry "BIH"]
[WhiteElo "1685"]
[WhiteRD "91"]
[BlackElo "1840"]
[BlackRD "77"]
[GameID "23870"]

1. e4 e5 2. Nf3 Nf6 3. Bc4 Bc5 4. d3 O-O 5. Bg5 d6 6. Nc3 Nc6 7. h3 Be6 8. Nd5 Bxd5 9. Bxd5 Nd4 10. Nxd4 Bxd4
11. c3 Bb6 12. Bxb7 Rb8 13. Bc6 Qc8 14. Qf3 Qa6 15. Bd5 Nxd5 16. exd5 Qb5 17. b4 f5 18. a4 Qa6 19. a5 e4 20. Qg3 f4
21. Bxf4 Rxf4 22. O-O Bxf2+ 23. Rxf2 Rxf2 24. Qxf2 Rf8 25. Qe3 exd3 26. Rd1 Qc4 27. Rxd3 h6 28. Qd4= Qb3 29. Kh2 a6 30. Rg3 Rf7
31. Qd3 Qa2 32. Re3 Qf2 33. Rg3 Qe1 34. Qxa6 Rf1 35. Qc8+ Kh7 36. Rxg7+ Kxg7 37. Qxc7+ Kg8 38. Qc8+ Kf7 39. Qd7+ Qe7
0-1

[Event "September Standard"]
[Site "SchemingMind.com"]
[Date "2005.09.05"]
[Round "-"]
[White "MF McGill"]
[Black "cnbcad"]
[Result "0-1"]
[WhiteCountry "USA"]
[BlackCountry "USA"]
[WhiteElo "1248"]
[WhiteRD "98"]
[BlackElo "1530"]
[BlackRD "50"]
[GameID "23904"]

1. e3 e5 2. Nc3 d5 3. Nf3 e4 4. Nd4 c5 5. Ndb5 a6 6. Na3 Nf6 7. h3 b5 8. f4 b4 9. b3 bxc3 10. g3 Qa5
11. Rg1 d4 12. Nc4 Qd8 13. Ba3 Nd5 14. exd4 cxd4 15. dxc3 Nxc3 16. Qc1 Bxa3 17. Nxa3 Qa5 18. Qd2 Nc6 19. b4 Qxa3 20. Rg2 Bxh3
21. Rh2 Bg4 22. Bg2 f5 23. Rh5 Qb2 24. Rxf5 Qxa1+ 25. Kf2 e3+ 26. Qxe3+ dxe3+ 27. Kxe3 Bxf5 28. Bxc6+ Bd7 29. Bxa8 O-O 30. Bb7 Re8+
31. Kf3 Qd1+ 32. Kg2 Qd2+ 33. Kf3 Re3#
0-1

[Event "September Standard"]
[Site "SchemingMind.com"]
[Date "2005.09.05"]
[Round "-"]
[White "MF McGill"]
[Black "sdshuey"]
[Result "0-1"]
[WhiteCountry "USA"]
[BlackCountry "USA"]
[WhiteElo "1403"]
[WhiteRD "123"]
[BlackElo "1430"]
[BlackRD "120"]
[GameID "23905"]

1. e3 d5 2. Nf3 Bg4 3. h3 Bxf3 4. Qxf3 e6 5. c3 Nf6 6. g4 c5 7. Na3 a6 8. g5 Ne4 9. h4 Nc6 10. b4 f6
11. gxf6 Ne5 12. Qh5+ Nf7 13. Bh3 Qxf6 14. bxc5 Bxc5 15. Rf1 g6 16. Qd1 Qxh4 17. Bxe6 Nfg5 18. Bxd5 Nd6 19. Rb1 Nde4 20. Bxe4 O-O
21. Rh1 Qxe4 22. Rg1 Nf3+ 23. Qxf3 Qxf3 24. d4 Qxf2+ 25. Kd1 Qxg1+ 26. Kc2 Bxa3 27. Kb3 Bxc1 28. a4 Qxe3 29. d5 Rf4 30. Ka2 Qxc3
31. Rxc1 Qxc1 32. Kb3 Qe3+ 33. Kb2 Rf2+ 34. Kb1 Qe1#
0-1

[Event "September Standard"]
[Site "SchemingMind.com"]
[Date "2005.09.05"]
[Round "-"]
[White "MF McGill"]
[Black "paddyBosnian"]
[Result "0-1"]
[WhiteCountry "USA"]
[BlackCountry "BIH"]
[WhiteElo "1248"]
[WhiteRD "98"]
[BlackElo "1840"]
[BlackRD "77"]
[GameID "23906"]

1. e3 d5 2. Bb5+ Bd7 3. Bd3 e5 4. c3 e4 5. Bf1 Nf6 6. g3 Bd6 7. a3 O-O 8. h4 c5 9. f4 Nc6 10. b4 b6
11. d4 exd3 12. Nf3 d4 13. h5 Bg4 14. Bxd3 dxe3 15. Bxe3 Re8 16. h6 Rxe3+ 17. Kd2 Rxd3+ 18. Kxd3 Bxf4+ 19. Kc2 Qxd1+ 20. Rxd1 Bxh6
21. Nbd2 Bxd2 22. Rxd2 Bxf3 23. Rf1 Be4+ 24. Kd1 Kf8 25. bxc5 bxc5 26. Rd6 Rd8 27. Ke1 Rxd6 28. Kf2 Rd3 29. Ke2 Rxc3 30. Kf2 Rf3+
31. Kg1 Rxf1+ 32. Kxf1 Ng4 33. Ke1 Nce5 34. a4 c4 35. Kd2 Bd3 36. Kc3 Nf3 37. Kb4 Ne3 38. a5 Nd5+ 39. Kc5 c3 40. Kc6 c2
41. Kb7 c1=Q 42. Kxa7 Qc7+ 43. Ka8 Be4 44. a6 Nb6#
0-1

[Event "September Standard"]
[Site "SchemingMind.com"]
[Date "2005.09.05"]
[Round "-"]
[White "MF McGill"]
[Black "agarr"]
[Result "0-1"]
[WhiteCountry "USA"]
[BlackCountry "RUS"]
[WhiteElo "1403"]
[WhiteRD "123"]
[BlackElo "1683"]
[BlackRD "114"]
[GameID "23907"]

1. e3 Nf6 2. c3 d5 3. g3 e5 4. b4 Be6 5. Bb5+ c6 6. Ba4 Bd6 7. a3 Nbd7 8. h4 O-O 9. h5 Bg4 10. f3 Bxh5
11. Ne2 Bxf3 12. Rf1 e4 13. Bb3 Bxg3+ 14. Rf2 Bxf2+ 15. Kxf2 Ng4+ 16. Kg1 Qh4 17. Kf1 Qf2#
0-1

[Event "September Standard"]
[Site "SchemingMind.com"]
[Date "2005.09.05"]
[Round "-"]
[White "cnbcad"]
[Black "MF McGill"]
[Result "1-0"]
[WhiteCountry "USA"]
[BlackCountry "USA"]
[WhiteElo "1530"]
[WhiteRD "50"]
[BlackElo "1248"]
[BlackRD "98"]
[GameID "23908"]

1. e4 e6 2. d4 c6 3. e5 g6 4. Nf3 a6 5. c4 h6 6. Be2 h5 7. Ng5 f6 8. exf6 Qxf6 9. O-O h4 10. Ne4 Qe7
11. c5 h3 12. g3 d5 13. Nd6+ Kd8 14. Qb3 Bg7 15. Qb6+ Kd7 16. Bf4 Nf6 17. Nxb7 Bxb7 18. Qxb7+ Kd8 19. Qxa8 Nh5 20. Qxb8+ Kd7
21. Qc7+ Ke8 22. Qxc6+ Kf8 23. Bd6 Bxd4 24. Bxe7+ Kxe7 25. Bxh5 gxh5 26. Re1 h4 27. Qd6+ Kf7 28. Qxe6+ Kg7 29. Qd6 hxg3 30. Re7+ Kf8
31. Qd8#
1-0

[Event "September Standard"]
[Site "SchemingMind.com"]
[Date "2005.09.04"]
[Round "-"]
[White "sdshuey"]
[Black "MF McGill"]
[Result "1-0"]
[WhiteCountry "USA"]
[BlackCountry "USA"]
[WhiteElo "1430"]
[WhiteRD "120"]
[BlackElo "1403"]
[BlackRD "123"]
[GameID "23909"]

1. e4 e6 2. f4 Nh6 3. d3 g6 4. Nf3 Ng4 5. Nc3 Na6 6. h3 Nf6 7. g4 c6 8. Bg2 Bh6 9. f5 Qa5 10. Bd2 Bxd2+
11. Qxd2 b6 12. O-O b5 13. fxe6 fxe6 14. Qh6 b4 15. Qg7 Qc5+ 16. Kh1 Rf8 17. e5 Nxg4 18. hxg4 bxc3 19. bxc3 h5 20. Qxg6+ Kd8
21. d4 Qe7 22. Ng5 hxg4 23. Nh7 Qh4+ 24. Kg1 Rxf1+ 25. Rxf1 d5 26. Qg7 Qh2+ 27. Kxh2 c5 28. Rf8#
1-0

[Event "September Standard"]
[Site "SchemingMind.com"]
[Date "2005.09.04"]
[Round "-"]
[White "paddyBosnian"]
[Black "MF McGill"]
[Result "1-0"]
[WhiteCountry "BIH"]
[BlackCountry "USA"]
[WhiteElo "1826"]
[WhiteRD "95"]
[BlackElo "1403"]
[BlackRD "123"]
[GameID "23910"]

1. d4 c6 2. e4 e6 3. Nc3 Qa5 4. Nf3 a6 5. Bd3 g6 6. O-O h5 7. e5 b5 8. Ne4 f5 9. exf6 d5 10. Nfg5 Bh6
11. f7+ Kf8 12. fxg8=Q+ Rxg8 13. Nxe6+ Bxe6 14. Bxh6+ Ke8 15. Nf6+ Kf7 16. Nxg8 Kxg8 17. Bxg6 Nd7 18. Qxh5 Nf6 19. Qe5 Qd8 20. Qxe6+ Kh8
21. Qf7 Qd7 22. Bg7#
1-0

[Event "September Standard"]
[Site "SchemingMind.com"]
[Date "2005.09.05"]
[Round "-"]
[White "agarr"]
[Black "MF McGill"]
[Result "1-0"]
[WhiteCountry "RUS"]
[BlackCountry "USA"]
[WhiteElo "1683"]
[WhiteRD "114"]
[BlackElo "1403"]
[BlackRD "123"]
[GameID "23911"]

1. e4 e6 2. d4 c6 3. Bd3 g6 4. Bg5 h6 5. Bxd8 b6 6. Nf3 Kxd8 7. O-O f5 8. Nc3 c5 9. dxc5 Bxc5 10. exf5 gxf5
11. Ne5 Nf6 12. Nf7+ Ke8 13. Nxh8 Ng4 14. Qe2 Bd6 15. Bxf5 Bxh2+ 16. Kh1 Nxf2+ 17. Rxf2 Bd6 18. Bg6+ Kd8 19. Nb5 Be7 20. Nf7+ Ke8
21. Nc7+ Kf8 22. Nxh6+ Kg7 23. Qe5+ Kxh6 24. Qh5+ Kg7 25. Qh7#
1-0

[Event "September Standard"]
[Site "SchemingMind.com"]
[Date "2005.09.05"]
[Round "-"]
[White "Neil"]
[Black "cnbcad"]
[Result "0-1"]
[WhiteCountry "USA"]
[BlackCountry "USA"]
[WhiteElo "1539"]
[WhiteRD "105"]
[BlackElo "1530"]
[BlackRD "50"]
[GameID "23914"]

1. e4 e5 2. Nf3 Nc6 3. b3 Nf6 4. Nc3 Bc5 5. Bb2 Ng4 6. Qe2 Nd4 7. Nxd4 d6 8. Na4 exd4 9. Nxc5 dxc5 10. O-O-O Ne5
11. f4 Bg4 12. Qb5+ c6 13. Qxc5 Nd7 14. Qxd4 Bxd1 15. Qxg7 Rf8 16. Bc4 Bh5 17. f5 Qe7 18. Re1 O-O-O 19. f6 Qc5 20. d4 Qb4
21. c3 Qa5 22. b4 Qc7 23. e5 Rg8 24. Qxh7 Rh8 25. Qe4 Bg6 26. Qg4 Rxh2 27. a4 Kb8 28. a5 a6 29. Ba3 Rg8 30. Be2 Bh7
31. Qf4 Rgxg2 32. Bf3 Ra2 33. Rg1 Ra1#
0-1

[Event "September Standard"]
[Site "SchemingMind.com"]
[Date "2005.09.05"]
[Round "-"]
[White "Neil"]
[Black "sdshuey"]
[Result "0-1"]
[WhiteCountry "USA"]
[BlackCountry "USA"]
[WhiteElo "1539"]
[WhiteRD "105"]
[BlackElo "1469"]
[BlackRD "83"]
[GameID "23915"]

1. e4 e5 2. Nf3 Nc6 3. Nc3 Nf6 4. Bb5 Bb4 5. Bxc6 bxc6 6. Nxe5 Bxc3 7. bxc3 Nxe4 8. f3 Nd6 9. O-O Ba6 10. Re1 O-O
11. Rb1 f6 12. Nd3 Bxd3 13. cxd3 Re8 14. Bb2 Rxe1+ 15. Qxe1 Qe8 16. c4 Qxe1+ 17. Rxe1 Re8 18. Kf2 Rxe1 19. Kxe1 f5 20. Be5 Nf7
21. Bxc7 g5 22. a4 g4 23. fxg4 fxg4 24. a5 a6 25. c5 h5 26. g3 Kf8 27. Kf2 Ke7 28. d4 d5 29. cxd6+ Nxd6 30. Ke3 Kd7
31. Bb6 Nc4+ 32. Kd3 Nxb6 33. axb6 Kc8 34. Kc3 Kb7 35. Kb4 Kxb6 36. d5 cxd5 37. d4 a5+ 38. Ka4 Ka6 39. Kb3 Kb5 40. Kc3 a4
41. Kb2 Kb4 42. Ka2 a3 43. Kb1 Kc4 44. Ka2 Kxd4 45. Kxa3 Kc3 46. Ka2 Kc2 47. Ka3 d4 48. Kb4 d3 49. Kc4 d2 50. Kd4 d1=Q+
51. Ke5 Qe2+ 52. Kf5 Qxh2 53. Kg5 Qxg3
0-1

[Event "September Standard"]
[Site "SchemingMind.com"]
[Date "2005.09.05"]
[Round "-"]
[White "Neil"]
[Black "paddyBosnian"]
[Result "0-1"]
[WhiteCountry "USA"]
[BlackCountry "BIH"]
[WhiteElo "1539"]
[WhiteRD "105"]
[BlackElo "1840"]
[BlackRD "77"]
[GameID "23916"]

1. e4 e5 2. Nf3 Nf6 3. Nxe5 d6 4. Nf3 Nxe4 5. d3 Nf6 6. Nc3 d5 7. Bg5 Be7 8. g3 O-O 9. Bg2 Re8 10. O-O Nbd7
11. Qd2 Nf8 12. Rae1 Ng6 13. Re2 Bg4 14. Rfe1 Qd7 15. h3 Bxh3 16. Bxf6 Bxg2 17. Kxg2 Bxf6 18. d4 c6 19. Na4 b6 20. b3 h6
21. c4 Rxe2 22. Rxe2 dxc4 23. bxc4 c5 24. Nb2 cxd4 25. Nxd4 Qxd4 26. Qxd4 Bxd4 27. Nd3 Kf8 28. Re4 Bc5 29. Ne5 Nxe5 30. Rxe5 Re8
31. f4 Rxe5 32. fxe5 Ke7 33. Kf3 Ke6 34. Kf4 Bg1 35. a4 Bh2 36. Ke4 Bxg3 37. Kd4 Bxe5+ 38. Kd3 h5 39. Ke3 g5 40. Kf3 f5
41. a5 g4+ 42. Kf2 h4 43. Kg2 h3+ 44. Kg1 g3 45. axb6 axb6 46. c5 bxc5 47. Kf1 g2+ 48. Kg1 c4 49. Kf2 c3
0-1

[Event "September Standard"]
[Site "SchemingMind.com"]
[Date "2005.09.05"]
[Round "-"]
[White "Neil"]
[Black "MF McGill"]
[Result "1-0"]
[WhiteCountry "USA"]
[BlackCountry "USA"]
[WhiteElo "1539"]
[WhiteRD "105"]
[BlackElo "1248"]
[BlackRD "98"]
[GameID "23917"]

1. e4 e6 2. d4 c6 3. Nc3 a6 4. Nf3 Qa5 5. Bd2 c5 6. Nd5 Qa4 7. Nb6 cxd4 8. Nxa4 Nc6 9. Nb6 Rb8 10. Bc4 Nf6
11. Qe2 a5 12. O-O Bc5 13. e5 d5 14. Bb5 Bxb6 15. Rac1 Ne4 16. b3 O-O 17. c4 d3 18. Qxd3 Nxf2 19. Qc2 Bd7 20. Bxc6 Bxc6
21. c5 d4 22. Nxd4 Rbc8 23. cxb6 Rcd8 24. Nxc6 bxc6 25. Rxf2 Rb8 26. Bxa5 c5 27. Qxc5 Rfe8 28. Qc7 f6 29. Rc6 fxe5 30. Bc3 e4
31. Qxg7#
1-0

[Event "September Standard"]
[Site "SchemingMind.com"]
[Date "2005.09.05"]
[Round "-"]
[White "Neil"]
[Black "agarr"]
[Result "0-1"]
[WhiteCountry "USA"]
[BlackCountry "RUS"]
[WhiteElo "1487"]
[WhiteRD "100"]
[BlackElo "1791"]
[BlackRD "73"]
[GameID "23918"]

1. e4 e5 2. Nf3 Nc6 3. Bb5 Bc5 4. O-O Nf6 5. Nc3 O-O 6. Bxc6 dxc6 7. Nxe5 Re8 8. Nf3 Bg4 9. b3 Nxe4 10. Nxe4 Rxe4
11. d3 Re8 12. Bb2 Bxf3 13. Qxf3 Bd4 14. Bxd4 Qxd4 15. Qg3 Re2 16. c4 Qd6 17. Qxd6 cxd6 18. Rfe1 Rae8 19. Rxe2 Rxe2 20. Kf1 Rd2
21. Re1 Kf8 22. f4 Rxa2 23. d4 Rd2 24. Ra1 a6 25. Ra5 Rxd4 26. f5 Rd3 27. b4 Rb3 28. c5 dxc5 29. bxc5 Rb5 30. Rxb5 cxb5
31. g4 Ke7 32. Ke2 Kd7 33. Ke3 Kc6 34. Ke4 Kxc5 35. g5 g6 36. f6 b4 37. Kd3 a5 38. Kc2 a4 39. Kb2 Kc4 40. Ka2 Kc3
41. h4 b3+ 42. Ka1 Kb4 43. h5 Ka3 44. Kb1 b2 45. hxg6 hxg6
0-1

[Event "September Standard"]
[Site "SchemingMind.com"]
[Date "2005.09.05"]
[Round "-"]
[White "cnbcad"]
[Black "Neil"]
[Result "0-1"]
[WhiteCountry "USA"]
[BlackCountry "USA"]
[WhiteElo "1530"]
[WhiteRD "50"]
[BlackElo "1539"]
[BlackRD "105"]
[GameID "23919"]

1. e4 e5 2. Nf3 Nf6 3. Nxe5 d6 4. Nxf7 Kxf7 5. d4 Nxe4 6. Qf3+ Nf6 7. Bc4+ Ke8 8. O-O Bg4 9. Qb3 Bh5 10. Re1+ Be7
11. Bg5 b6 12. Qa4+ c6 13. Bxf6 gxf6 14. d5 b5 15. Bxb5 cxb5 16. Qxb5+ Qd7 17. Qc4 Rg8 18. Qh4 Bf3 19. g3 h5 20. Qxf6 Bxd5
21. Nc3 Rf8 22. Qg7 Bf3 23. Nb5 Nc6 24. Re3 Qh3 25. Nc7+ Kd7 26. Rxf3 Rxf3 27. Nxa8 Ne5 28. Re1 Rf7
0-1

[Event "September Standard"]
[Site "SchemingMind.com"]
[Date "2005.09.04"]
[Round "-"]
[White "sdshuey"]
[Black "Neil"]
[Result "0-1"]
[WhiteCountry "USA"]
[BlackCountry "USA"]
[WhiteElo "1430"]
[WhiteRD "120"]
[BlackElo "1676"]
[BlackRD "156"]
[GameID "23920"]

1. e4 e5 2. f4 d5 3. d3 f6 4. fxe5 fxe5 5. Nf3 dxe4 6. Nxe5 Bd6 7. Qh5+ g6 8. Qe2 Bxe5 9. Qxe4 Nc6 10. d4 Bf5
11. Qe2 Qxd4 12. Nc3 O-O-O 13. Be3 Qb4 14. g4 Qxb2 15. Rd1 Qxc3+ 16. Qd2 Rxd2 17. Rxd2 Qxe3+ 18. Be2 Bc3 19. gxf5 Bxd2+ 20. Kd1 Nd4
21. fxg6 Qxe2#
0-1

[Event "September Standard"]
[Site "SchemingMind.com"]
[Date "2005.09.04"]
[Round "-"]
[White "paddyBosnian"]
[Black "Neil"]
[Result "1-0"]
[WhiteCountry "BIH"]
[BlackCountry "USA"]
[WhiteElo "1840"]
[WhiteRD "77"]
[BlackElo "1539"]
[BlackRD "105"]
[GameID "23921"]

1. d4 d5 2. c4 e5 3. dxe5 c6 4. cxd5 cxd5 5. e4 Nc6 6. exd5 Nxe5 7. Nf3 f6 8. Nxe5 fxe5 9. Bb5+ Bd7 10. Qh5+ g6
11. Qxe5+ Qe7 12. Bxd7+ Kxd7 13. Qxe7+ Nxe7 14. Nc3 Re8 15. O-O Bg7 16. Be3 b6 17. Rad1 Rhf8 18. g3 h5 19. Bd4 Bxd4 20. Rxd4 g5
21. Re1 h4 22. Rde4 hxg3 23. hxg3 a5 24. Nb5 Nxd5 25. Rxe8 Rxe8 26. Rd1 Kc6 27. Nd4+ Kc5 28. Kg2 Re4 29. Nb3+ Kb4 30. Rxd5 a4
31. Rd4+ Rxd4 32. Nxd4 Kc4 33. Ne6 Kd3 34. Nxg5 Kc2 35. f4 Kxb2 36. f5 Kxa2 37. f6 a3 38. f7 Kb1 39. f8=Q a2 40. Qf1+ Kb2
41. Qf2+ Kb1 42. Qxb6+ Ka1 43. Qa5 Kb1 44. Qb4+ Ka1 45. Qa3 Kb1 46. Nf3 Ka1 47. Nd4 Kb1 48. Qb3+ Kc1 49. Qc2#
1-0